Population resources environment; (Record no. 24)

000 -LEADER
fixed length control field 00951cam a2200313 4500
001 - CONTROL NUMBER
control field 2691331
003 - CONTROL NUMBER IDENTIFIER
control field Nust
005 - DATE AND TIME OF LATEST TRANSACTION
control field 20170105095814.0
008 - FIXED-LENGTH DATA ELEMENTS--GENERAL INFORMATION
fixed length control field 700626s1970 caua bs 001 0 eng
010 ## - LIBRARY OF CONGRESS CONTROL NUMBER
LC control number 75103067
020 ## - INTERNATIONAL STANDARD BOOK NUMBER
International Standard Book Number 0716706806
040 ## - CATALOGING SOURCE
Original cataloging agency DLC
Transcribing agency DLC
Modifying agency DLC
050 00 - LIBRARY OF CONGRESS CALL NUMBER
Classification number HB871
Item number .E35
082 00 - DEWEY DECIMAL CLASSIFICATION NUMBER
Classification number 301.3
100 1# - MAIN ENTRY--PERSONAL NAME
Personal name Ehrlich, Paul R.
245 10 - TITLE STATEMENT
Title Population resources environment;
Remainder of title issues in human ecology
Statement of responsibility, etc. [by] Paul R. Ehrlich [and] Anne H. Ehrlich.
260 ## - PUBLICATION, DISTRIBUTION, ETC.
Place of publication, distribution, etc. San Francisco,
Name of publisher, distributor, etc. W. H. Freeman
Date of publication, distribution, etc. [1970]
300 ## - PHYSICAL DESCRIPTION
Extent 383 p.
Other physical details illus.
Dimensions 26 cm.
350 ## - PRICE (NR) (BK AM CF MU VM SE) [OBSOLETE]
Price 8.95
490 0# - SERIES STATEMENT
Series statement A Series of books in biology
500 ## - GENERAL NOTE
General note Third ed. published in 1977 under title: Ecoscience.
504 ## - BIBLIOGRAPHY, ETC. NOTE
Bibliography, etc. note Bibliography: p. [360]-363.
650 #0 - SUBJECT ADDED ENTRY--TOPICAL TERM
Topical term or geographic name entry element Population.
650 #0 - SUBJECT ADDED ENTRY--TOPICAL TERM
Topical term or geographic name entry element Pollution.
650 #0 - SUBJECT ADDED ENTRY--TOPICAL TERM
Topical term or geographic name entry element Human ecology.
700 1# - ADDED ENTRY--PERSONAL NAME
Personal name Ehrlich, Anne H.,
Relator term joint author.
906 ## - LOCAL DATA ELEMENT F, LDF (RLIN)
a 7
b cbc
c orignew
d u
e ncip
f 19
g y-gencatlg
942 ## - ADDED ENTRY ELEMENTS (KOHA)
Source of classification or shelving scheme
Koha item type Book
Holdings
Withdrawn status Lost status Source of classification or shelving scheme Damaged status Not for loan Permanent Location Current Location Date acquired Full call number Barcode Date last seen Price effective from Koha item type
          Central Library (CL) Central Library (CL) 12/05/2016 301.32 EHR IESE-1672 07/04/2025 12/05/2016 Book
          Institute of Environmental Science and Engineering (IESE) Institute of Environmental Science and Engineering (IESE) 12/05/2016 301.32 EHR IESE-1673 12/05/2016 12/05/2016 Book
          Institute of Environmental Science and Engineering (IESE) Institute of Environmental Science and Engineering (IESE) 12/05/2016 301.32 EHR IESE-1674 12/05/2016 12/05/2016 Book
          Institute of Environmental Science and Engineering (IESE) Institute of Environmental Science and Engineering (IESE) 12/05/2016 301.32 EHR IESE-1675 12/05/2016 12/05/2016 Book
© 2023 Central Library, National University of Sciences and Technology. All Rights Reserved.